| 000 | 00824cab a2200241 4500 | ||
|---|---|---|---|
| 001 | WB2845-34 | ||
| 008 | 090401t1992 xxu||||| |||| 00| 0 eng d | ||
| 035 | _a(Sirsi) u63557 | ||
| 041 | _aeng | ||
| 245 | _aInsurance helpline | ||
| 260 | _c1992 | ||
| 350 | _a0 | ||
| 490 |
_aCSW - The Property Week _v41(8) 19 November 1992, 7(1) |
||
| 520 | _aA helpline is to be set up to provide independent of RICS advice on finding professional indemnity insurance for surveyors, who are refused cover by insurers because of outstanding claims against them. | ||
| 650 | _aABOUT RICS-RICS MEMBERS | ||
| 650 | _aHELPLINE | ||
| 650 | _aPROFESSIONAL INDEMNITY INSURANCE | ||
| 650 | _aRICS | ||
| 690 |
_aINSURANCE _96249 |
||
| 690 | _aMANAGEMENT-BUSINESS MANAGEMENT-PROFESSIONAL PRACTICE | ||
| 942 | _n0 | ||
| 948 | _c04/03/1997 | ||
| 999 |
_c39505 _d39505 |
||